| 000 | 00655nas a2200229 4500 | ||
|---|---|---|---|
| 001 | BR9800544 | ||
| 003 | BR-BrBNA | ||
| 005 | 20231205100719.0 | ||
| 007 | ta | ||
| 008 | 230509b bl.|||p| |||| 00| 00por d | ||
| 040 |
_aBR-BrBNA _bpor _cBiblioteca Nacional de Agricultura |
||
| 041 | _a(Pt) | ||
| 072 | _aL01 | ||
| 100 | 1 | _aMatos, W.R.S. | |
| 245 | 1 | _aO que faz aumentar a eficiencia na producao leiteira | |
| 650 | _aLeite | ||
| 650 | _aProducao Leiteira | ||
| 650 | _aEficiencia Reprodutiva | ||
| 773 | 0 |
_tBalde Branco (Brazil) _x _g(Dec 1997), v. 34(398) p. 42-45 _wBR9800544 |
|
| 909 |
_a202311 _bLúcia _c55 _dLúcia Elande |
||
| 942 |
_2AGRIS _n0 _cANA |
||
| 999 |
_c157625 _d157625 |
||